00751nam a2200205Ia 4500003000900000008004100009040001600050080002400066100002200090245014100112250001200253260006800265300002300333490003700356650004100393650003600434650003600470700001900506700002000525IN-BaIIA211028s9999 xx 000 0 eng d cIIA Library a083.8:52-76bGEZ-II aGezari, Daniel Y. 0aCatalog of infrared observationsbpt. IIcDaniel Y. Gezari, Marion Schmitz and Jaylee M. Mead  a2nd ed. aWashingtonbNational Aeronautics and Space Administrationc1987 a[various pagings.] aNASA reference publication; 1196 aAstronomy and Astrophysics Thesaurus aCatalogue-Infrared observations aInfrared observations catalogue aMead, Jaylee M aSchmitz, Marion